Visión del mundo maya, 1844 (Record no. 183)

MARC details
000 -CABECERA
campo de control de longitud fija 01024nam a2200253 a 4500
001 - NÚMERO DE CONTROL
campo de control BRCA_225
005 - FECHA Y HORA DE LA ÚLTIMA TRANSACCIÓN
campo de control 20190320202926.0
008 - DATOS DE LONGITUD FIJA--INFORMACIÓN GENERAL
campo de control de longitud fija 790815s1978 mx-a---##b---#000-0#spa-#
041 ## - CÓDIGO DE LENGUA
Código de lengua del texto/banda sonora o título independiente spa
044 ## - CÓDIGO DEL PAÍS DE LA ENTIDAD EDITORA/PRODUCTORA
Código MARC del país mx
050 #4 - SIGNATURA TOPOGRÁFICA DE LA BIBLIOTECA DEL CONGRESO
Número de clasificación F1435
Número de documento/Ítem .C36 1978
100 1# - ENTRADA PRINCIPAL--NOMBRE DE PERSONA
Nombre de persona Catherwood, Frederick
9 (RLIN) 771
245 10 - MENCIÓN DE TÍTULO
Título Visión del mundo maya, 1844
Mención de responsabilidad, etc. Frederick Catherwood ; introducción Alberto Ruz Lhuillier ; biografía del artista Dolores Plunket.
260 ## - PUBLICACIÓN, DISTRIBUCIÓN, ETC.
Lugar de publicación, distribución, etc. México
Nombre del editor, distribuidor, etc. Cartón y Papel de México
Fecha de publicación, distribución, etc. 1978
300 ## - DESCRIPCIÓN FÍSICA
Extensión 100 p.
Otras características físicas il. (algunas a color)
Dimensiones 47 cm.
500 ## - NOTA GENERAL
Nota general Texto en: español e inglés
500 ## - NOTA GENERAL
Nota general Textos y litografías publicadas originalmente con las opiniones de los autores sobre monumentos antiguos en América Central, Chiapas y Yucatán.
504 ## - NOTA DE BIBLIOGRAFÍA, ETC.
Nota de bibliografía, etc. Bibliografia: p. 105
650 14 - PUNTO DE ACCESO ADICIONAL DE MATERIA--TÉRMINO DE MATERIA
Término de materia o nombre geográfico como elemento de entrada América Central
Término indicativo de función/relación Antigüedades
Subdivisión de forma Trabajos Ilustrados
9 (RLIN) 772
650 14 - PUNTO DE ACCESO ADICIONAL DE MATERIA--TÉRMINO DE MATERIA
Término de materia o nombre geográfico como elemento de entrada Mayas
Término indicativo de función/relación Antigüedades
Subdivisión de forma Trabajos Ilustrados
9 (RLIN) 773
700 1# - PUNTO DE ACCESO ADICIONAL--NOMBRE DE PERSONA
Nombre de persona Ruz Lhuillier, Alberto,
Fechas asociadas al nombre 1906-
9 (RLIN) 774
700 1# - PUNTO DE ACCESO ADICIONAL--NOMBRE DE PERSONA
Nombre de persona Plunket, Dolores
9 (RLIN) 775
942 ## - ELEMENTOS DE PUNTO DE ACCESO ADICIONAL (KOHA)
Fuente del sistema de clasificación o colocación Library of Congress Classification
Tipo de ítem Koha Libros
Holdings
Estado de retiro Estado de pérdida Estado dañado No para préstamo Localización permanente Ubicación/localización actual Fecha de adquisición Total de préstamos Signatura topográfica completa Código de barras Fecha visto por última vez Precio válido a partir de Tipo de ítem Koha
El ejemplar forma parte de la colección y puede ser consultado según las políticas vigentes.       Biblioteca del Museo Franz Mayer (Rogerio Casas-Alatriste) Biblioteca del Museo Franz Mayer (Rogerio Casas-Alatriste) 25/06/2008   F1435 .C36 1978 00288 22/03/2019 22/03/2019 Libros